Rural women entrepreneurship / (Record no. 73123)

MARC details
000 -LEADER
fixed length control field 00706nam a22001937a 4500
005 - DATE AND TIME OF LATEST TRANSACTION
control field 20130117143641.0
010 ## - LCCN (DPL NO)
LC control number ENG-106619
020 ## - INTERNATIONAL STANDARD BOOK NUMBER
International Standard Book Number 9788171326983
Terms of availability 595.00
035 ## - SYSTEM CONTROL NUMBER
System control number EN-90152
037 ## - SOURCE OF ACQUISITION
Source of stock number/acquisition DBAD/PUB
082 ## - DEWEY DECIMAL CLASSIFICATION NUMBER
Classification number 338.040820954
100 ## - MAIN ENTRY--PERSONAL NAME
Personal name Dwivedi, Harshit
245 ## - TITLE STATEMENT
Title Rural women entrepreneurship /
Statement of responsibility, etc by Harshit Dwivedi
260 ## - PUBLICATION, DISTRIBUTION, ETC. (IMPRINT)
Place of publication, distribution, etc Jaipur
Name of publisher, distributor, etc Pointer Publishers
Date of publication, distribution, etc 2012
270 ## - ADDRESS
Address 807, Vyas Building, Chaura Rasta
City Jaipur
Postal code 302003
300 ## - PHYSICAL DESCRIPTION
Extent viii,160p.
Dimensions 20cm (Hb)
942 ## - ADDED ENTRY ELEMENTS (KOHA)
Source of classification or shelving scheme Dewey Decimal Classification
Item type English Books
Classification part 338.040820954
Call number suffix DWI
Holdings
Withdrawn status Lost status Not for loan Collection code Home library Current library Date acquired Source of acquisition Cost, normal purchase price Full call number Barcode Copy number Cost, replacement price Koha item type
      Non-fiction D.B.Act.Division D.B.Act.Division 17/01/2013 DBAD/PUB 595.00 338.040820954 DWI EN-90152 1 595.00 English Books

© Delhi Public Library
Hit Counter
free hit counter